000 00931nam a22003017a 4500
001 4978
003 FISKH
005 20250131093203.0
008 241030b cb ||||| |||| 00| 0 eng d
020 _a9780698113558
040 _aFISKH
_beng
_cFISKH
_dFISKH
050 _aPZ7.Y78
082 _a505
100 _aYolen, Jane
_d(1939-)
245 _aCommander toad in space /
_cby Jane Yolen ; pictures by Bruce Degen
250 _a1980
260 _aNew York :
_bThe Putnam,
_c1980.
300 _a64 pages :
_bcolor illustrations ;
_c22 cm
505 _aM
520 _aThe intrepid crew of the space ship "Star Warts" lands on a water-covered planet inhabited by Deep Wader, a horrible hungry monster.
521 8 _a530
_bLexile
521 8 _aM
_bRaz-Plus
650 _2Fiction
_aPicture book
650 _2Science fiction
_aSpace
700 _aDegen, Bruce
_dIllustrator
942 _2ddc
_cBK
_n0
999 _c4978
_d4978